000 00988nam a2200241Ia 4500
003 OSt
005 20220923214243.0
006 a|||||r|||| 00| 0
007 ta
008 220922b |||||||| |||| 00| 0 hin d
024 _a168,227
037 _cTextual
040 _aARTS
_cARTS
_bhin
041 _2hin
_ahin
082 _aO152,1I80,1:g, L4
100 _aसक्सेना, द्वारिका प्रसाद
245 0 _aपदमावत में काव्य संस्कृति और दर्शन (पदमावत की सर्वाड़पूर्ण समालोचना)
246 _aPadamāvat mean kāvya sanskṛuti aur darshan (padamāvat kī sarvāड़pūrṇa samālochanā)
260 _c1974
650 _aहिन्दी साहित्य
_9156264
942 _hO152,1I80,1:g, L4
_cTEXL
_2CC
999 _c322697
_d322697